LEADER 05088nam 22006254a 450 001 9910451172403321 005 20200520144314.0 010 $a1-280-86760-4 010 $a9786610867608 010 $a1-4294-5272-2 010 $a90-474-0695-8 010 $a1-4337-0654-7 024 7 $a10.1163/9789047406952 035 $a(CKB)1000000000334890 035 $a(EBL)280705 035 $a(OCoLC)476024316 035 $a(SSID)ssj0000220304 035 $a(PQKBManifestationID)11187512 035 $a(PQKBTitleCode)TC0000220304 035 $a(PQKBWorkID)10143792 035 $a(PQKB)11268915 035 $a(MiAaPQ)EBC280705 035 $a(nllekb)BRILL9789047406952 035 $a(PPN)184934583 035 $a(Au-PeEL)EBL280705 035 $a(CaPaEBR)ebr10171685 035 $a(CaONFJC)MIL86760 035 $a(OCoLC)437175306 035 $a(EXLCZ)991000000000334890 100 $a20041213d2005 uy 0 101 0 $aeng 135 $aur||||||||||| 181 $ctxt$2rdacontent 182 $cc$2rdamedia 183 $acr$2rdacarrier 200 10$aPerspectives on New Testament textual criticism$b[electronic resource] $ecollected essays, 1962-2004 /$fby Eldon Jay Epp 210 $aLeiden ;$aBoston $cBrill$dc2005 215 $a1 online resource (896 pages) 225 1 $aSupplements to Novum Testamentum,$x0167-9732 ;$vv. 116 300 $aDescription based upon print version of record. 311 $a90-04-14246-0 320 $aIncludes bibliographical references (p. [803]-807) and indexes. 327 $aPreliminary Material -- The ?Ignorance Motif? in Acts and Anti-Judaic Tendencies in Codex Bezae -- Coptic Manuscript G67 and the Rôle of Codex Bezae as a Western Witness in Acts -- The Claremont Profile Method for Grouping New Testament Minuscule Manuscripts -- The Twentieth Century Interlude in New Testament Textual Criticism -- Toward the Clarification of the Term ?Textual Variant?1 -- The Eclectic Method in New Testament Textual Criticism: Solution or Symptom?1 -- New Testament Textual Criticism in America: Requiem for a Discipline -- A Continuing Interlude in New Testament Textual Criticism?1 -- The Ascension in the Textual Tradition of Luke?Acts -- Decision Points in Past, Present, and Future New Testament Textual Criticism1 -- New Testament Textual Criticism Past, Present, and Future: Reflections on the Alands? Text of the New Testament -- The New Testament Papyrus Manuscripts in Historical Perspective1 -- The Significance of the Papyri for Determining the Nature of the New Testament Text in the Second Century: A Dynamic View of Textual Transmission1 -- New Testament Papyrus Manuscripts and Letter Carrying in Greco-Roman Times1 -- The Papyrus Manuscripts of the New Testament -- The International Greek New Testament Project: Motivation and History -- Textual Criticism in the Exegesis of the New Testament -- The New Testament Papyri at Oxyrhynchus in their Social and Intellectual Context -- The Codex and Literacy in Early Christianity and at Oxyrhynchus: Issues Raised by Harry Y. Gamble?s Books and Readers in the Early Church -- The Multivalence of the Term ?Original Text? in New Testament Textual Criticism1 -- Issues in the Interrelation of New Testament Textual Criticism and Canon -- Issues in New Testament Textual Criticism: Moving from the Nineteenth Century to the Twenty-First Century1 -- Anti-Judaic Tendencies in the D-Text of Acts: Forty Years of Conversation -- Presidential Address -- The Oxyrhynchus New Testament Papyri: ?Not Without Honor Except in their Hometown?? -- Bibliography and Text-Critical Responsibilities of the Author, 1962?2004 -- Index of Authors (Ancient and Modern) -- Index of Passages -- Index of Greek and Latin Words -- Index of New Testament Manuscripts, Versions, Editions, and Modern Translations -- Index of Subjects. 330 $aThis collection of frequently cited articles and chapters published from 1962 to 2004 provides perspective on the history and development of New Testament textual criticism, with descriptions and critique of the major text-critical theories and methods. Specific manuscripts and text-types, such as the Codex Bezae and the D-text are discussed, as well as issues such as anti-Judaic tendencies, the ascension narratives, and the relationship of text and canon. Many of the essays from the last fifteen years emphasize the earliest period and papyrus manuscripts, particularly those found at Oxyrhynchus, and assess their socio-cultural and intellectual contexts, while articles from the last five years advocate or engage the more controversial aspects of current New Testament textual criticism, especially the issue of 'original text'. 410 0$aSupplements to Novum Testamentum ;$vv. 116. 608 $aElectronic books. 676 $a225.4/86 700 $aEpp$b Eldon Jay$01043161 801 0$bMiAaPQ 801 1$bMiAaPQ 801 2$bMiAaPQ 906 $aBOOK 912 $a9910451172403321 996 $aPerspectives on New Testament textual criticism$92467944 997 $aUNINA LEADER 01699nam 2200397 n 450 001 996396654103316 005 20221108032812.0 035 $a(CKB)4330000000333667 035 $a(EEBO)2240941129 035 $a(UnM)99838217 035 $a(EXLCZ)994330000000333667 100 $a19901030d1580 uy | 101 0 $aeng 135 $aurbn||||a|bb| 200 12$aA short treatise, very comfortable for all those Christians that be troubled and disquieted in theyr consciences with the sight of their owne infirmities$b[electronic resource] $ewherein is shevved hovv such may in their owne selues finde whereby to assure them of their free election, effectuall vocation, and iustification 210 $aPrinted at London $cBy [H. Bynneman for] Ralph Newbery$dAnno Domini. 1580 215 $a[128] p 300 $aBy Thomas Sparke. 300 $aPrinter's name from STC. 300 $aPart 2, "A brief and short catechisme", has a separate title page; register is continuous. 300 $aC1r catchword: "nesse"; E2r catchword: "likelye"--STC. 300 $aSignatures: A-H. 300 $aImperfect; quires A-D only filmed. 300 $aReproduction of the original in the Sion College. Library. 330 $aeebo-0146 606 $aConscience$vEarly works to 1800 615 0$aConscience 700 $aSparke$b Thomas$f1548-1616.$01005045 801 0$bCu-RivES 801 1$bCu-RivES 801 2$bCStRLIN 801 2$bWaOLN 906 $aBOOK 912 $a996396654103316 996 $aA short treatise, very comfortable for all those Christians that be troubled and disquieted in theyr consciences with the sight of their owne infirmities$92319453 997 $aUNISA LEADER 03703nam 2200961 450 001 9910807453403321 005 20210429235348.0 010 $a0-520-96147-1 024 7 $a10.1525/9780520961470 035 $a(CKB)2670000000582902 035 $a(EBL)1816351 035 $a(SSID)ssj0001432308 035 $a(PQKBManifestationID)11934680 035 $a(PQKBTitleCode)TC0001432308 035 $a(PQKBWorkID)11405130 035 $a(PQKB)11080809 035 $a(DE-B1597)521076 035 $a(OCoLC)897905584 035 $a(DE-B1597)9780520961470 035 $a(Au-PeEL)EBL1816351 035 $a(CaPaEBR)ebr10994725 035 $a(CaONFJC)MIL672481 035 $a(MiAaPQ)EBC1816351 035 $a(EXLCZ)992670000000582902 100 $a20141215h20152015 uy 0 101 0 $aeng 135 $aur|nu---|u||u 181 $ctxt 182 $cc 183 $acr 200 10$aBole-english-hausa dictionary and english-bole wordlist /$fAlhaji Maina Gimba, Russell G. Schuh 205 $aFirst edition. 210 1$aOakland, California :$cUniversity of California Press,$d2015. 210 4$d©2015 215 $a1 online resource (417 p.) 225 0 $aUC Publications in Linguistics ;$vVolume 148 300 $aDescription based upon print version of record. 311 $a0-520-28611-1 311 $a1-322-41199-9 320 $aIncludes bibliographical references. 327 $tFront matter --$tContents --$tAcknowledgments --$tIntroduction --$tAbbreviations --$tBole-English-Hausa Dictionary --$tEnglish-Bole Wordlist --$tAppendices --$tReferences 330 $aThis is a dictionary of Bole, a little documented language of the Chadic family, spoken in northeastern Nigeria. This is one of the most comprehensive dictionaries of any Chadic language other than Hausa. All entries for Bole are fully marked for tone and vowel length. The Bole-English-Hausa section has full definitions and explanations of meaning in English with numerous examples of use. Each entry has a Hausa gloss. The English-Bole section is intended mainly as an index to the Bole-English-Hausa section. There are appendices of flora and fauna terms, cultural terms, pronouns, and comprehensive paradigms of verb forms. 410 0$aUniversity of California publications in linguistics$v148 606 $aBole language$vDictionaries$xEnglish 608 $aDictionaries.$2fast 610 $abauchi nigeria. 610 $abolanci. 610 $abole english dictionary. 610 $abole language pronunciation. 610 $abole language. 610 $abole pronunciation. 610 $abole. 610 $achadic languages. 610 $agombe nigeria. 610 $ahausa english dictionary. 610 $ahausa language pronunciation. 610 $ahausa language. 610 $ahausa pronunciation. 610 $ahausa. 610 $alanguage of fika. 610 $anigeria. 610 $anigerian dictionary. 610 $anigerian languages. 610 $anigerian pronunciation. 610 $anortheastern nigeria language. 610 $anortheastern nigeria. 610 $atranslate bola. 610 $atranslate bole language. 610 $atranslate hausa language. 610 $atranslate hausa. 610 $ayobe nigeria. 615 0$aBole language$xEnglish. 676 $a493.7 686 $aEP 14263$2rvk 700 $aGimba$b Maina$f1961-$01666879 702 $aSchuh$b Russell G.$f1941- 801 0$bMiAaPQ 801 1$bMiAaPQ 801 2$bMiAaPQ 906 $aBOOK 912 $a9910807453403321 996 $aBole-english-hausa dictionary and english-bole wordlist$94026374 997 $aUNINA